Adverse drug interactions: a handbook for prescribers (Record no. 30716)

MARC details
000 -LEADER
fixed length control field 00797nam a2200205 a 4500
008 - FIXED-LENGTH DATA ELEMENTS--GENERAL INFORMATION
fixed length control field 120217s2010 ||||||||||||||||| || u
020 ## - INTERNATIONAL STANDARD BOOK NUMBER
International Standard Book Number 9780340927694
050 ## - LIBRARY OF CONGRESS CALL NUMBER
Classification number RM 302.5 Adv
100 ## - MAIN ENTRY--PERSONAL NAME
Personal name Karalliedde, Lakshman
245 10 - TITLE STATEMENT
Title Adverse drug interactions: a handbook for prescribers
Statement of responsibility, etc. by Lakshman Karalliedde; [and others]
260 ## - PUBLICATION, DISTRIBUTION, ETC.
Place of publication, distribution, etc. London:
Name of publisher, distributor, etc. Hodder Arnold
Date of publication, distribution, etc. 2010
300 ## - PHYSICAL DESCRIPTION
Extent lxxv, 771p.: ill.
350 ## -
-- 0.00
650 ## - SUBJECT ADDED ENTRY--TOPICAL TERM
Topical term or geographic name entry element DRUGS--SIDE EFFECTS--HANDBOOKS, MANUALS, ETC
650 ## - SUBJECT ADDED ENTRY--TOPICAL TERM
Topical term or geographic name entry element DRUG INTERACTIONS--HANDBOOKS, MANUALS, ETC
700 ## - ADDED ENTRY--PERSONAL NAME
Personal name Karalliedde, Janaka
700 ## - ADDED ENTRY--PERSONAL NAME
Personal name Clarke, Simon F. J
700 ## - ADDED ENTRY--PERSONAL NAME
Personal name Collignon, Ursula
995 ## -
-- REFERENCE BOOKS
-- 901532
-- CBU-SCHOOL OF MEDICINE LIBRARY (Ndola)
-- 0.00
-- RM 302.5 Adv
-- 1
-- REFERENCE
-- Jun 27, 2012
-- 901532
-- Reference Collection
999 ## -
-- 30716
-- 30716
Holdings
Withdrawn status Lost status Source of classification or shelving scheme Damaged status Not for loan Permanent Location Current Location Shelving location Date acquired Total Checkouts Full call number Barcode Date last seen Price effective from Koha item type
          CBU-SCHOOL OF MEDICINE LIBRARY, NDOLA. CBU-SCHOOL OF MEDICINE LIBRARY, NDOLA.   11/30/2022   RM 302.5 Adv 901532 11/30/2022 11/30/2022 MONOGRAPH